| 000 | 00590nam a2200205Ia 4500 | ||
|---|---|---|---|
| 999 |
_c30046 _d30046 |
||
| 001 | 29991 | ||
| 003 | PK-LaUMT | ||
| 005 | 20221004165911.0 | ||
| 008 | 140415s9999 xx 000 0 und d | ||
| 020 | _a0821316133 | ||
| 040 | _cPK-LaUMT | ||
| 082 |
_aW 658.407124 _bROB-P |
||
| 100 | _aLee Roberts | ||
| 245 | 4 |
_aThe policy environment of management development institutions in _bproblems and prospects for reform _cLee Roberts |
|
| 260 |
_aWashington,USA: _bWorld Bank, _c1990 |
||
| 300 | _a47 p. | ||
| 546 | _aEN | ||
| 650 | _aassessment center-Congresses | ||
| 942 |
_cWEEDED OUT _2ddc |
||